| 000 | 004910000a22002290004500 | ||
|---|---|---|---|
| 005 | 20120302060145.0 | ||
| 942 | _cBOOK | ||
| 100 | _a Bhadkamkar,Ramkrishna Hari | ||
| 245 | _a Aarogya | ||
| 260 | _aPune:Ramchandra Pathwardhan,1944. | ||
| 300 | _a97p. | ||
| 040 | _aMAR | ||
| 365 | _b2/- | ||
| 650 | _aAyurveda | ||
| 650 | _aAaroygya | ||
| 650 | _aAahaara | ||
| 650 | _aJivansatva | ||
| 650 | _aPani | ||
| 650 | _aKwalara | ||
| 650 | _aMaleria | ||
| 650 | _aTulshiche Mahatwa | ||
| 999 |
_c350394 _d350391 |
||